000 00457nam a2200169Ia 4500
999 _c27226
_d27226
003 OSt
005 20201202092844.0
008 190216s9999||||xx |||||||||||||| ||und||
040 _coclc
082 _a894.8123
_bPRE/S
100 _aPremchand
_95683
245 0 _aSevasadanam /
_cPremchand
260 _bPoorna Publications,
_a Kozhikode:
300 _a307p
650 _aNovel
942 _cBK
_2ddc
_h894.8123
_iPRE/S
_k894.8123
_mPRE/S